header

Barriers to household risk management (Record no. 49890)

MARC details
000 -LEADER
fixed length control field 01173nam a2200301Ia 4500
100 1# - MAIN ENTRY--AUTHOR NAME
Personal name Cole, Shawn.
245 10 - TITLE STATEMENT
Title Barriers to household risk management
260 ## - PUBLICATION, DISTRIBUTION, ETC. (IMPRINT)
Place of publication Washington, D.C. :
Name of publisher International Monetary Fund,
Year of publication c2012.
300 ## - PHYSICAL DESCRIPTION
Number of Pages 42 p.
650 #0 - SUBJECT ADDED ENTRY--TOPICAL TERM
Topical Term Financial risk
Topical Term Risk management
856 40 - ELECTRONIC LOCATION AND ACCESS
Uniform Resource Identifier http://site.ebrary.com/lib/rucke/Doc?id=10627147

No items available.

© 2026 Rongo University
Contact us: librarian | system librarian | Rongo university